Yleistieto - Maantiede #3 - Statistics

Yleistilastot
  • Tätä visaa on pelattu 626 kertaa
  • Keskiarvotulos 9 / 20
Vastaustilastot
Kysymys Vastaus % Oikein
Mitä jokea pidetään yleisesti maailman pisimpänä? Niili
96%
Missä kaupungissa Brandenburgin portti sijaitsee? Berliini
83%
Mikä Yhdysvalloissa sijaitseva supertulivuoren päällä oleva kansallispuisto on maailman vanhin kansallispuisto? Yellowstone
74%
Minkä valtion lipussa on setripuu? Libanon
61%
Mikä on maailman harvimmin asuttu valtio? Mongolia
61%
Mikä on šerpojen kotimaa? Nepal
53%
Kuka henkilö on sveitsiläiskaartin suojeluksessa? Paavi
52%
Minkä laajan vuoriston korkein vuori on Galdhøpiggen? Skandit
52%
Millä kaupunkialueella Old Traffordin jalkapallostadion sijaitsee? Manchester
51%
Mikä valtio tunnettiin aiemmin nimellä Ceylon? Sri Lanka
49%
Mikä on Afrikan toiseksi pisin joki? Kongo
43%
Mikä nykyinen pääkaupunki sijaitsee lähellä muinaista Karthagon kaupunkia? Tunis
39%
Mikä salmi erottaa Euroopan ja Aasian Istanbulissa? Bosporinsalmi
38%
Mikä Chilen pohjoisosissa sijaitseva aavikko on maailman kuivin alue? Atacama
36%
Mikä Indonesian tulivuori purkautui 200 megatonnin voimalla vuonna 1883? Krakatau
34%
Mistä valtiosta bossa nova -musiikki on peräisin? Brasilia
32%
Mikä on Euroopan toiseksi suurin järvi Laatokan jälkeen? Ääninen
29%
Mikä pääkaupunki tunnetaan paikallisella kielellä nimellä Krung Thep? Bangkok
28%
Mikä on Australian väkirikkain osavaltio? Uusi Etelä-Wales
25%
Mikä vuoristosola yhdistää Pakistanin ja Afganistanin? {Khaibar}sola
9%
Ehtoja vastaavia visoja ei löytynyt
Tulosjakauma
Jokaisen tuloksen saaneiden osuus
Persentiili vastausten määrän mukaan
Tuloshistoriasi
Et ole pelannut tätä visaa